| 000 | 00842nam a22002177a 4500 | ||
|---|---|---|---|
| 999 |
_c3475 _d3475 |
||
| 003 | AR-CdUCM | ||
| 008 | 190306b ||||| |||| 00| 0 spa d | ||
| 040 |
_aMUNICIPALIDAD PROVINCIAL DEL CUSCO _cBIBLIOTECA MUNICIPAL DEL CUSCO |
||
| 082 |
_a869.50 / _bES74 |
||
| 100 |
_aEscobar, Alberto _91581 |
||
| 245 | _aLa narración en el Perú / | ||
| 260 |
_aLima : _bEditorial Ausonia. |
||
| 300 |
_a308 páginas ; _c25 cm. |
||
| 505 | _aContenido: La narración en el Perú -- Alonso Enriquez de Guzmán: Historia de un caballero noble desbaratado -- Juan Diez de Betanzos: De como hizo con Tici Viracocha el cielo e la tierra e las gentes destas provincias del Perú... | ||
| 650 |
_aHistoria peruana _91316 |
||
| 650 |
_aSiglo XX _98 |
||
| 650 |
_aPerú _935 |
||
| 650 |
_aNarracion en el Perú _96754 |
||
| 942 |
_2ddc _cLIBROS |
||
| 945 | _adavv | ||